|
|
|
|
| LEADER |
00987nam a22002772a 4500 |
| 001 |
001102888 |
| 003 |
CZ BrMZK |
| 005 |
20130808085221.0 |
| 007 |
ta |
| 008 |
100622s1983 xr a er 000 0 cze d |
| 015 |
|
|
|a cnb000005003
|
| 040 |
|
|
|a BOA001
|b cze
|
| 100 |
1 |
|
|a Lamač, Miroslav,
|d 1928-1992
|7 js20030428017
|4 aut
|
| 245 |
1 |
0 |
|a Georges Braque /
|c Miroslav Lamač
|
| 250 |
|
|
|a 1. vyd.
|
| 260 |
|
|
|a Praha :
|b Odeon,
|c 1983
|
| 300 |
|
|
|a 94 s. .
|b barev. il. ;
|c 21 cm
|
| 490 |
1 |
|
|a Malá galerie ;
|v sv. 28
|
| 504 |
|
|
|a Obsahuje bibliografii
|
| 830 |
|
0 |
|a Malá galerie (Odeon)
|0 s
|
| 856 |
4 |
1 |
|u http://www.digitalniknihovna.cz/mzk/uuid/uuid:4577d820-0317-11e3-9923-005056827e52
|y Digitalizovaný dokument
|x NDK
|
| 910 |
|
|
|a BOA001
|b 2-0869.935
|
| 990 |
|
|
|a BK
|
| 991 |
|
|
|b 201006
|
| 996 |
7 |
|
|b 2619365683
|c 2-0869.935
|l MZK
|r Sklad / do 1 hodiny
|n 7
|w 001129542
|u 000010
|a 1
|e BOA001
|j MZK50
|s A
|
| 996 |
6 |
|
|b 2619919538
|c 2-0869.935
|l MZK
|r Sklad / do 1 hodiny
|n 0
|w 001129542
|u 000020
|a 1
|e BOA001
|j MZK50
|s P
|